| 000 | 00771nam a22002177a 4500 | ||
|---|---|---|---|
| 999 |
_c19664 _d19664 |
||
| 003 | AR-CdUCM | ||
| 008 | 190520b ||||| |||| 00| 0 spa d | ||
| 040 |
_aMUNICIPALIDAD PROVINCIAL DEL CUSCO _cBIBLIOTECA MUNICIPAL DEL CUSCO |
||
| 082 |
_a947.08 / _bG481 |
||
| 100 |
_aGilligard, Pierre _941141 |
||
| 245 | _aEl Trágico destino de Nicolás II y de su familia / | ||
| 260 |
_aSantiago de Chile : _bEds. Ercilla, _c1935. |
||
| 300 |
_a211 páginas ; _c23 cm. |
||
| 440 |
_aProcesos de la historia _941142 |
||
| 505 | _aContenido: Mis primeras lecciones en la corte -- Alejo Nicolaevich -- Mis primeros pasos como preceptor... | ||
| 650 |
_aRevolución _9844 |
||
| 650 |
_aRusia _9499 |
||
| 650 |
_aHistoria _9136 |
||
| 942 |
_2ddc _cLIBROS |
||
| 945 |
_adavv _d2019-05-20 |
||